Almost Dirty Words Quiz Stats

 Plays Quiz Updated Sep 19, 2019

     
Support Sporcle.
Go Orange.
Score 0/17 Timer 05:00
2 Plays Today
Hint Term % Correct
Badminton’s birdieShuttlecock
70.8%
One who tickles the ivoriesPianist
64.9%
Second largest denomination of Islam, after Sunni IslamShi’ite
55.8%
A bird distinguished by its long, erectile, greenish, iridescent tailPeacock
50.3%
Lake located on the border of Bolivia and PeruTiticaca
47.6%
To fill or close seams or crevices in order to make watertight, e.g. for a bathtubCaulk
44.2%
Latin: upright manHomo Erectus
40.1%
The small, fleshy lobe projecting downward from the middle of the soft palateUvula
36.1%
Instrument used to determine latitude and longitude at sea by measuring angular distancesSextant
25%
Hint Term % Correct
A broad neck scarf that is looped under the chinAscot
22.2%
A man's separate or detachable shirtfrontDickey
20.6%
Absurdly comic playFarce
20.6%
An enlisted person ranking below petty officerSeaman
16.9%
The steersman of a racing shellCoxswain
15.2%
Institution where prisoners are exiled, often an islandPenal Colony
13.9%
Modern warship that is smaller than a destroyerFrigate
10.1%
Novelist and playwright of 'La Comédie humaine'Balzac (Honoré de Balzac)
6%

From the Vault

Song Title Mergers

by MSUKent

Music 5m
These song combos would make interesting mash-ups.
Remove Ads.
Support Sporcle.
Get the best of Sporcle when you Go Orange. This ad-free experience offers more features, more stats, and more fun while also helping to support Sporcle. Thank you for becoming a member.

Show Comments

Extras

Top Quizzes Today


Score Distribution

Your Account Isn't Verified!

In order to create a playlist on Sporcle, you need to verify the email address you used during registration. Go to your Sporcle Settings to finish the process.

Report this User

Report this user for behavior that violates our Community Guidelines.

Details: